| 000 | 00662nam a2200253 i 4500 | ||
|---|---|---|---|
| 001 | C2-0324233 | ||
| 003 | PPAK | ||
| 005 | 20180728122624.0 | ||
| 008 | 131204s2013 nyua|||| ||||| | eng d | ||
| 020 | _a9780415669627 | ||
| 040 |
_aPPAK _beng _cPPAK _erda |
||
| 082 | 0 | 4 |
_a305.4 _223 |
| 090 | 0 | 0 |
_a305.4 _bEVA _dLCK |
| 100 | 1 |
_aEvans,Mary, _eauthor |
|
| 245 | 1 | 0 | _aGender The Key Concepts |
| 264 | 1 |
_aNew York : _bRountledge , _c2013 |
|
| 300 |
_a(vi),277 pages : _billustrations ; _c22 cm |
||
| 336 |
_2rdacontent _atext |
||
| 337 |
_2rdamedia _aunmediated |
||
| 338 |
_2rdacarrier _avolume |
||
| 500 | _aHadiah | ||
| 700 | _eauthor | ||
| 942 |
_ddc _cB |
||
| 999 |
_c124207 _d124207 |
||